A synthesis method for designing shared-resource systems

Bibliographic Details
Main Author: Cheung, King Sing (Author)
Format: Article
Language:Slovak
English
PhysicalDescription:Fotogr., sch., tab.
ISSN:1335-9150
Subjects:

MARC

LEADER 00000nab a2200000 a 4500
001 vtls008700408
003 SK-MaSNL
005 20260304134128.0
008 250505c2005 xo |||||||||||000 b|slo
015 |a SNBRB2006/05  |2 snkbucl 
035 |a (uuid)6014f575-a35b-4548-afe8-1836e1567bcb 
035 |a urn:nbn:sk:snk-abx6g 
035 |a (urnnbn)urn:nbn:sk:snk:ar-a048mf 
038 |a SNKBUCL 
040 |a SNKBUCL  |b slo  |c SNKBUCL  |e AACR2 
041 0 |a eng 
044 |a xo  |c SK 
080 |a 519.71:519.179.2:658.5  |2 2001 
080 |a 519.179.2  |2 2001 
080 |a 658.5  |2 2001 
100 1 |a Cheung, King Sing  |4 aut  |9 1451679 
245 1 0 |a A synthesis method for designing shared-resource systems  |c King Sing Cheung 
300 |b Fotogr., sch., tab. 
500 |a Biogr. údaje 
504 |a Bibliogr. odkazy 
546 |a Res. angl. 
650 0 7 |a spoločne používané prostriedky  |2 snkbucl  |9 1451680 
650 0 7 |a navrhovanie  |2 snkbucl  |9 278395 
650 0 7 |a Petriho siete  |2 snkbucl  |9 67953 
650 0 7 |a výrobné systémy  |2 snkbucl  |9 29111 
773 0 |t Computing and informatics  |g Vol. 24, no. 6 (2005), p. 629-653  |x 1335-9150 
850 |a Slovenská národná knižnica 
852 |a Slovenská národná knižnica 
958 |a article27 
958 |a NB 
958 |a OND 
958 |a EUIPO 
999 |c 2905414  |d 2907344